Central Library OPAC University of Rajshahi

An introduction to historical bibliography / (Record no. 617)

MARC details
000 -LEADER
fixed length control field 00865nam a2200277 a 4500
001 - CONTROL NUMBER
control field 617
003 - CONTROL NUMBER IDENTIFIER
rucl marc code BD-RjUL
005 - DATE AND TIME OF LATEST TRANSACTION
control field 20211208233216.0
008 - FIXED-LENGTH DATA ELEMENTS--GENERAL INFORMATION
fixed length control field 161203r19691962enk 001 0 eng d
035 ## - SYSTEM CONTROL NUMBER
System control number (BD-RjUL)635
System control number (OCoLC)654497
040 ## - CATALOGING SOURCE
Original cataloging agency DLC
Transcribing agency ODaWU
Modifying agency FTaSU
-- Uk
-- DLC
-- BD-RjUL
Language of cataloging eng
041 ## - LANGUAGE CODE
Language code of text/sound track or separate title eng
082 ## - DEWEY DECIMAL CLASSIFICATION NUMBER
Edition number 22
Classification number 010.9
Author mark and year BII 1969
100 1# - MAIN ENTRY--PERSONAL NAME
Personal name Binns, Norman E.
9 (RLIN) 1885
245 13 - TITLE STATEMENT
Title An introduction to historical bibliography /
Statement of responsibility, etc. Norman E Binns.
250 ## - EDITION STATEMENT
Edition statement 2d ed., rev. and enl.
260 ## - PUBLICATION, DISTRIBUTION, ETC. (IMPRINT)
Place of publication, distribution, etc. London :
Name of publisher, distributor, etc. Association of Assistant Librarians ,
Date of publication, distribution, etc. c1962 [Reprinted 1969]
300 ## - PHYSICAL DESCRIPTION
Pagination 387 p. :
Illustrations illus. ;
Size 22 cm.
504 ## - BIBLIOGRAPHY, ETC. NOTE
Bibliography, etc Includes bibliographical references and index..
650 #0 - SUBJECT ADDED ENTRY--TOPICAL TERM
Topical term or geographic name as entry element Books
General subdivision History.
9 (RLIN) 1189
Topical term or geographic name as entry element Printing
General subdivision History.
9 (RLIN) 1190
942 ## - ADDED ENTRY ELEMENTS (KOHA)
Source of classification or shelving scheme Dewey Decimal Classification
Koha item type Books
Holdings
Lost status Source of classification or shelving scheme Damaged status Not for loan Collection code Permanent Location Current Location Shelving location Date acquired Source of acquisition Total Checkouts Full call number Date last seen Copy number Koha item type Cost, normal purchase price
  Dewey Decimal Classification     Non-fiction Central Library, University of Rajshahi Central Library, University of Rajshahi   15/12/1988 Britain   010.9 BII 1969 18/11/2013 C-3 Books  
  Dewey Decimal Classification     Non-fiction Central Library, University of Rajshahi Central Library, University of Rajshahi   15/12/1988 Britain Gift   010.9 BII 1969 17/05/2016 C-2 Books  
  Dewey Decimal Classification   Not For Loan Non-fiction Central Library, University of Rajshahi Central Library, University of Rajshahi Reading Room 15/12/1988 British council   010.9 BII 1969 03/12/2016 C-1 Books 0.00